[Event "DVM U12 2021-22"]
[Site "Naumburg"]
[Date "2022.03.26"]
[Round "2"]
[White "Mende, Magnus"]
[Black "Teng, David"]
[Result "0-1"]
[WhiteElo "737"]
[BlackElo "1334"]
[Annotator "NA"]
[PlyCount "112"]
[EventDate "2022.03.25"]
[EventType "team-tourn"]
[EventRounds "7"]
[EventCountry "GER"]
[SourceTitle "playchess.com"]
[Source "ChessBase"]
[SourceQuality "1"]
[TimeControl "40/5400+30:1800+30"]

1. e4 {[%emt 0:00:08]} c5 {[%emt 0:00:06]} 2. Bc4 {[%emt 0:00:21]} e6 {[%emt 0:00:18]} 3. Nf3 {[%emt 0:00:30]} a6 {[%emt 0:00:16]} 4. a3 {[%emt 0:00:33]} b5 {[%emt 0:00:23]} 5. Ba2 {[%emt 0:00:31]} Bb7 {[%emt 0:00:38]} 6. d3 {[%emt 0:00:25]} Nf6 {[%emt 0:00:29]} 7. O-O {[%emt 0:00:35]} Be7 {[%emt 0:01:14]} 8. e5 {[%emt 0:00:34]} Nd5 {[%emt 0:00:47]} 9. c4 {[%emt 0:00:33]} Nc7 {[%emt 0:03:23]} 10. Nc3 {[%emt 0:00:25]} d6 {[%emt 0:02:56]} 11. a4 {[%emt 0:01:10]} b4 {[%emt 0:01:47]} 12. exd6 {[%emt 0:01:13]} Bxd6 {[%emt 0:02:00]} 13. Ne4 {[%emt 0:00:22]} Be7 {[%emt 0:01:20]} 14. b3 {[%emt 0:00:27]} Nc6 {[%emt 0:02:38]} 15. Bg5 {[%emt 0:00:44]} O-O {[%emt 0:02:17]} 16. Nxc5 {[%emt 0:00:43]} Bxg5 {[%emt 0:01:56]} 17. Nxb7 {[%emt 0:00:40]} Qe7 {[%emt 0:01:38]} 18. Nxg5 {[%emt 0:01:04]} Qxg5 {[%emt 0:00:01]} 19. Qf3 {[%emt 0:00:24]} Nd4 {[%emt 0:02:20]} 20. Qe4 {[%emt 0:00:44]} Nf5 {[%emt 0:02:18]} 21. Bb1 {[%emt 0:01:32]} Ne8 {[%emt 0:03:16]} 22. d4 {[%emt 0:00:37]} Nf6 {[%emt 0:01:01]} 23. Qf3 {[%emt 0:01:25]} Nxd4 {[%emt 0:01:37]} 24. Qd3 {[%emt 0:01:14]} Nc6 {[%emt 0:05:08]} 25. Nc5 {[%emt 0:00:30]} Qxc5 {[%emt 0:01:55]} 26. Re1 {[%emt 0:01:48]} Rad8 {[%emt 0:00:31]} 27. Qc2 {[%emt 0:02:44]} Nd4 {[%emt 0:02:51]} 28. Qd3 {[%emt 0:01:07]} Nf5 {[%emt 0:02:37]} 29. Qe2 {[%emt 0:02:55]} Qd4 {[%emt 0:02:31]} 30. Bc2 {[%emt 0:00:58]} Qd2 {[%emt 0:02:58]} 31. Bxf5 {[%emt 0:03:47]} Qxe2 {[%emt 0:02:16]} 32. Rxe2 {[%emt 0:00:24]} exf5 {[%emt 0:00:17]} 33. h3 {[%emt 0:00:20]} Rfe8 {[%emt 0:01:39]} 34. Rae1 {[%emt 0:00:39]} Rxe2 {[%emt 0:01:23]} 35. Rxe2 {[%emt 0:00:17]} Kf8 {[%emt 0:00:40]} 36. Re5 {[%emt 0:00:51]} Rd3 {[%emt 0:02:59]} 37. c5 {[%emt 0:00:32]} Rxb3 {[%emt 0:00:37]} 38. g4 {[%emt 0:01:58]} Rc3 {[%emt 0:01:50]} 39. Re2 {[%emt 0:01:40]} Rxc5 {[%emt 0:02:13]} 40. Rb2 {[%emt 0:00:14]} a5 {[%emt 0:00:08]} 41. Kg2 {[%emt 0:30:25]} fxg4 {[%emt 0:30:29]} 42. hxg4 {[%emt 0:00:11]} Nxg4 {[%emt 0:00:04]} 43. f3 {[%emt 0:00:07]} Ne3+ {[%emt 0:00:10]} 44. Kg3 {[%emt 0:00:47]} g5 {[%emt 0:00:50]} 45. f4 {[%emt 0:00:23]} Nd1 {[%emt 0:03:17]} 46. Rb1 {[%emt 0:00:46]} Nc3 {[%emt 0:00:55]} 47. Rb3 {[%emt 0:00:40]} Ne2+ {[%emt 0:01:18]} 48. Kf2 Nxf4 49. Ke3 {[%emt 0:02:44]} Rc3+ {[%emt 0:00:55]} 50. Rxc3 {[%emt 0:00:36]} bxc3 {[%emt 0:00:13]} 51. Kd4 c2 52. Kc5 c1=Q+ 53. Kb5 {[%emt 0:03:06]} Nd5 {[%emt 0:01:26]} 54. Ka6 {[%emt 0:00:37]} Qc6+ {[%emt 0:00:11]} 55. Ka7 {[%emt 0:00:24]} Qb6+ {[%emt 0:00:01]} 56. Ka8 {[%emt 0:00:13]} Nc7# {[%emt 0:00:04]} 0-1

[Event "DVM U12 2021-22"]
[Site "Naumburg"]
[Date "2022.03.26"]
[Round "3"]
[White "Richter, Hans-Peter"]
[Black "Börner, Eric"]
[Result "1/2-1/2"]
[WhiteElo "2089"]
[BlackElo "1134"]
[Annotator "NA"]
[PlyCount "46"]
[EventDate "2022.03.25"]
[EventType "team-tourn"]
[EventRounds "7"]
[EventCountry "GER"]
[SourceTitle "playchess.com"]
[Source "ChessBase"]
[SourceQuality "1"]
[TimeControl "40/5400+30:1800+30"]

1. e4 {[%emt 0:00:02]} e5 {[%emt 0:00:06]} 2. Nf3 {[%emt 0:00:12]} Nc6 {[%emt 0:00:12]} 3. Nc3 {[%emt 0:00:09]} Bc5 {[%emt 0:00:15]} 4. a3 {[%emt 0:00:20]} d6 {[%emt 0:02:35]} 5. Bb5 {[%emt 0:01:05]} Nge7 {[%emt 0:01:40]} 6. O-O {[%emt 0:00:57]} O-O {[%emt 0:01:59]} 7. h3 {[%emt 0:01:56]} a6 {[%emt 0:03:57]} 8. Ba4 {[%emt 0:02:17]} b5 {[%emt 0:04:09]} 9. Bb3 {[%emt 0:01:16]} Be6 {[%emt 0:00:58]} 10. d3 {[%emt 0:03:43]} Bxb3 {[%emt 0:02:43]} 11. cxb3 {[%emt 0:01:29]} h6 {[%emt 0:08:55]} 12. Be3 {[%emt 0:05:58]} Nd4 {[%emt 0:05:17]} 13. b4 {[%emt 0:01:41]} Ba7 {[%emt 0:02:13]} 14. Rc1 {[%emt 0:02:33]} Rc8 {[%emt 0:03:26]} 15. Re1 {[%emt 0:01:18]} c6 {[%emt 0:03:05]} 16. Bxd4 {[%emt 0:03:42]} Bxd4 {[%emt 0:01:36]} 17. Rc2 {[%emt 0:02:48]} Qb6 {[%emt 0:03:51]} 18. Rf1 {[%emt 0:01:28]} Rfe8 {[%emt 0:04:23]} 19. a4 {[%emt 0:00:52]} Bxc3 {[%emt 0:01:11]} 20. a5 {[%emt 0:01:20]} Qa7 {[%emt 0:01:41]} 21. Rxc3 {[%emt 0:01:22]} Ng6 {[%emt 0:00:59]} 22. Rc1 {[%emt 0:06:50]} c5 {[%emt 0:03:48]} 23. Qb3 {[%emt 0:01:35]} cxb4 {[%emt 0:02:17]} 1/2-1/2

[Event "DVM U12 2021-22"]
[Site "Naumburg"]
[Date "2022.03.26"]
[Round "3"]
[White "Klaska, Philipp Leon"]
[Black "Ermitsch, Magnus"]
[Result "0-1"]
[WhiteElo "1959"]
[BlackElo "2127"]
[Annotator "NA"]
[PlyCount "56"]
[EventDate "2022.03.25"]
[EventType "team-tourn"]
[EventRounds "7"]
[EventCountry "GER"]
[SourceTitle "playchess.com"]
[Source "ChessBase"]
[SourceQuality "1"]
[TimeControl "40/5400+30:1800+30"]

1. e4 {[%emt 0:00:05]} c5 {[%emt 0:00:07]} 2. Nf3 {[%emt 0:00:06]} e6 {[%emt 0:00:06]} 3. d4 {[%emt 0:00:05]} cxd4 {[%emt 0:00:05]} 4. Nxd4 {[%emt 0:00:05]} Nc6 {[%emt 0:00:10]} 5. Nc3 {[%emt 0:00:32]} Qc7 {[%emt 0:00:18]} 6. Be3 {[%emt 0:00:24]} a6 {[%emt 0:00:06]} 7. g4 {[%emt 0:03:17]} h6 {[%emt 0:04:08]} 8. Qd2 {[%emt 0:12:43]} Nf6 {[%emt 0:02:52]} 9. f3 {[%emt 0:03:41]} b5 {[%emt 0:03:49]} 10. O-O-O {[%emt 0:05:17]} Bb7 {[%emt 0:05:22]} 11. Kb1 {[%emt 0:05:32]} Rc8 {[%emt 0:05:27]} 12. h4 {[%emt 0:06:27]} Nxd4 {[%emt 0:07:37]} 13. Bxd4 {[%emt 0:02:36]} e5 {[%emt 0:01:04]} 14. Bf2 {[%emt 0:05:59]} Bb4 {[%emt 0:00:59]} 15. Be1 {[%emt 0:01:47]} d5 {[%emt 0:02:35]} 16. exd5 {[%emt 0:08:15]} Nxd5 {[%emt 0:01:47]} 17. Nxb5 {[%emt 0:10:37]} axb5 {[%emt 0:03:15]} 18. Bxb5+ {[%emt 0:00:26]} Ke7 {[%emt 0:01:11]} 19. c3 {[%emt 0:01:14]} Rhd8 {[%emt 0:04:59]} 20. cxb4 {[%emt 0:09:32]} Nc3+ {[%emt 0:00:32]} 21. bxc3 {[%emt 0:00:21]} Rxd2 {[%emt 0:01:14]} 22. Rxd2 {[%emt 0:00:10]} Rd8 {[%emt 0:01:11]} 23. Rhh2 {[%emt 0:04:55]} Bxf3 {[%emt 0:02:49]} 24. g5 {[%emt 0:06:01]} e4 {[%emt 0:00:56]} 25. Rxd8 {[%emt 0:03:47]} Qxd8 {[%emt 0:00:42]} 26. Rd2 {[%emt 0:02:22]} Qb6 {[%emt 0:00:25]} 27. a4 {[%emt 0:00:42]} Qg1 {[%emt 0:00:53]} 28. Rd7+ {[%emt 0:00:43]} Ke6 {[%emt 0:00:34]} 0-1

[Event "DVM U12 2021-22"]
[Site "Naumburg"]
[Date "2022.03.26"]
[Round "3"]
[White "Helms, Finn"]
[Black "Rosenkranz, Lennard"]
[Result "1-0"]
[WhiteElo "1911"]
[BlackElo "1429"]
[Annotator "ChessBase"]
[PlyCount "55"]
[EventDate "2022.03.25"]
[EventType "team-tourn"]
[EventRounds "7"]
[EventCountry "GER"]
[SourceTitle "playchess.com"]
[Source "ChessBase"]
[SourceQuality "1"]
[TimeControl "40/5400+30:1800+30"]

1. d4 {[%emt 0:00:05]} d5 {[%emt 0:00:13]} 2. Bf4 {[%emt 0:00:03]} f5 {[%emt 0:00:22]} 3. Nf3 {[%emt 0:00:16]} e6 {[%emt 0:00:06]} 4. e3 {[%emt 0:00:12]} c6 {[%emt 0:00:12]} 5. Ne5 {[%emt 0:01:48]} Nf6 {[%emt 0:01:05]} 6. c4 {[%emt 0:00:29]} Bd6 {[%emt 0:00:51]} 7. Nc3 {[%emt 0:00:49]} O-O {[%emt 0:00:22]} 8. Be2 {[%emt 0:00:31]} Nbd7 {[%emt 0:00:10]} 9. Nxc6 {[%emt 0:02:10]} Qc7 {[%emt 0:03:26]} 10. Nb5 {[%emt 0:05:31]} Qxc6 {[%emt 0:03:47]} 11. Bxd6 {[%emt 0:00:37]} Rf7 {[%emt 0:01:00]} 12. c5 {[%emt 0:00:41]} Ne8 {[%emt 0:04:34]} 13. Bf4 {[%emt 0:03:15]} Ndf6 {[%emt 0:02:18]} 14. Nc3 {[%emt 0:01:14]} Ne4 {[%emt 0:01:28]} 15. Qb3 {[%emt 0:03:23]} N8f6 {[%emt 0:02:39]} 16. Bb5 {[%emt 0:00:35]} Nxc5 {[%emt 0:01:07]} 17. dxc5 {[%emt 0:01:20]} Qxc5 {[%emt 0:00:17]} 18. O-O {[%emt 0:01:11]} Ne4 {[%emt 0:02:11]} 19. Nxe4 {[%emt 0:01:27]} fxe4 {[%emt 0:00:15]} 20. Rac1 {[%emt 0:00:16]} Qb6 {[%emt 0:00:37]} 21. Be8 {[%emt 0:02:28]} Rf8 {[%emt 0:00:43]} 22. Bb5 {[%emt 0:03:31]} a6 {[%emt 0:03:37]} 23. Ba4 {[%emt 0:00:51]} Qxb3 {[%emt 0:00:15]} 24. Bxb3 {[%emt 0:00:17]} Bd7 {[%emt 0:00:12]} 25. Rc7 {[%emt 0:01:27]} Bc6 {[%emt 0:00:10]} 26. Be5 {[%emt 0:01:24]} Rf5 {[%emt 0:00:41]} 27. Rxg7+ {[%emt 0:00:44]} Kh8 {[%emt 0:00:42]} 28. Rg5+ {[%emt 0:00:13]} 1-0

[Event "DVM U12 2021-22"]
[Site "Naumburg"]
[Date "2022.03.26"]
[Round "3"]
[White "Haubold, Christian Lucas"]
[Black "Cwiklik, Jonah"]
[Result "1-0"]
[WhiteElo "1808"]
[BlackElo "1409"]
[Annotator "NA"]
[PlyCount "81"]
[EventDate "2022.03.25"]
[EventType "team-tourn"]
[EventRounds "7"]
[EventCountry "GER"]
[SourceTitle "playchess.com"]
[Source "ChessBase"]
[SourceQuality "1"]
[TimeControl "40/5400+30:1800+30"]

1. e4 {[%emt 0:00:04]} e5 {[%emt 0:00:07]} 2. Nf3 {[%emt 0:00:04]} Nc6 {[%emt 0:00:11]} 3. Bc4 {[%emt 0:00:11]} Bc5 {[%emt 0:00:11]} 4. d3 {[%emt 0:00:28]} Nf6 {[%emt 0:00:16]} 5. c3 {[%emt 0:00:29]} O-O {[%emt 0:00:41]} 6. O-O {[%emt 0:01:19]} d5 {[%emt 0:00:16]} 7. exd5 {[%emt 0:00:17]} Nxd5 {[%emt 0:00:13]} 8. Nbd2 {[%emt 0:01:03]} Nf4 {[%emt 0:01:10]} 9. Ne4 {[%emt 0:00:16]} Bd6 {[%emt 0:00:59]} 10. Bxf4 {[%emt 0:02:00]} exf4 {[%emt 0:00:18]} 11. d4 {[%emt 0:01:48]} Bf5 {[%emt 0:01:21]} 12. Bd3 {[%emt 0:01:11]} Bxe4 {[%emt 0:01:55]} 13. Bxe4 {[%emt 0:00:09]} f5 {[%emt 0:00:40]} 14. Bd3 {[%emt 0:04:12]} Ne7 15. Ng5 {[%emt 0:01:12]} Qe8 {[%emt 0:03:32]} 16. Qb3+ {[%emt 0:03:45]} Kh8 {[%emt 0:00:45]} 17. Bc4 {[%emt 0:01:02]} Qh5 {[%emt 0:01:38]} 18. Nf7+ {[%emt 0:00:43]} Rxf7 {[%emt 0:00:28]} 19. Bxf7 {[%emt 0:00:08]} Qh4 {[%emt 0:00:48]} 20. f3 {[%emt 0:00:35]} g5 {[%emt 0:01:17]} 21. c4 {[%emt 0:03:22]} g4 {[%emt 0:02:07]} 22. c5 {[%emt 0:00:27]} Nc6 {[%emt 0:01:34]} 23. cxd6 {[%emt 0:02:07]} cxd6 {[%emt 0:00:42]} 24. Qxb7 {[%emt 0:01:34]} Rf8 {[%emt 0:01:28]} 25. Qxc6 {[%emt 0:00:07]} Rxf7 {[%emt 0:00:16]} 26. Qxd6 {[%emt 0:00:54]} Qh5 {[%emt 0:02:41]} 27. Qe5+ {[%emt 0:00:45]} Rg7 {[%emt 0:00:34]} 28. Rac1 {[%emt 0:00:13]} h6 {[%emt 0:00:30]} 29. Rc7 {[%emt 0:00:11]} Qg6 {[%emt 0:00:30]} 30. Qxg7+ {[%emt 0:00:07]} Qxg7 {[%emt 0:00:11]} 31. Rxg7 {[%emt 0:00:05]} Kxg7 {[%emt 0:00:05]} 32. fxg4 {[%emt 0:00:06]} fxg4 {[%emt 0:00:17]} 33. Rxf4 {[%emt 0:00:05]} a5 {[%emt 0:00:11]} 34. d5 {[%emt 0:00:05]} a4 {[%emt 0:00:08]} 35. d6 {[%emt 0:00:05]} a3 {[%emt 0:00:05]} 36. b3 {[%emt 0:00:04]} g3 {[%emt 0:00:11]} 37. hxg3 {[%emt 0:00:09]} h5 {[%emt 0:00:17]} 38. d7 {[%emt 0:00:03]} h4 {[%emt 0:00:14]} 39. d8=Q {[%emt 0:00:08]} hxg3 {[%emt 0:00:17]} 40. Qg5+ {[%emt 0:00:06]} Kh8 {[%emt 0:00:14]} 41. Rh4# 1-0

[Event "DVM U12 2021-22"]
[Site "Naumburg"]
[Date "2022.03.26"]
[Round "3"]
[White "Torosyan, Bagrat"]
[Black "Dordevic, Tom"]
[Result "1/2-1/2"]
[WhiteElo "1695"]
[BlackElo "1671"]
[Annotator "NA"]
[PlyCount "45"]
[EventDate "2022.03.25"]
[EventType "team-tourn"]
[EventRounds "7"]
[EventCountry "GER"]
[SourceTitle "playchess.com"]
[Source "ChessBase"]
[SourceQuality "1"]
[TimeControl "40/5400+30:1800+30"]

1. e4 {[%emt 0:00:02]} c5 {[%emt 0:00:04]} 2. Nf3 {[%emt 0:00:04]} e6 {[%emt 0:00:03]} 3. d4 {[%emt 0:00:05]} cxd4 {[%emt 0:00:03]} 4. Nxd4 {[%emt 0:00:09]} a6 {[%emt 0:00:02]} 5. Bd3 {[%emt 0:00:06]} Bc5 {[%emt 0:00:05]} 6. Nb3 {[%emt 0:00:12]} Ba7 {[%emt 0:00:03]} 7. Qe2 {[%emt 0:00:09]} d6 {[%emt 0:00:32]} 8. Be3 {[%emt 0:00:17]} Nf6 {[%emt 0:00:18]} 9. Bxa7 {[%emt 0:00:16]} Rxa7 {[%emt 0:00:03]} 10. Nc3 {[%emt 0:01:14]} Nc6 {[%emt 0:00:21]} 11. O-O {[%emt 0:00:34]} O-O {[%emt 0:03:57]} 12. Rad1 {[%emt 0:00:47]} Qe7 {[%emt 0:03:46]} 13. a4 {[%emt 0:01:01]} Rd8 {[%emt 0:02:01]} 14. Rd2 {[%emt 0:01:21]} Qc7 {[%emt 0:06:31]} 15. Rfd1 {[%emt 0:01:35]} e5 {[%emt 0:04:12]} 16. Bc4 {[%emt 0:04:35]} Ne7 {[%emt 0:04:03]} 17. h3 {[%emt 0:02:03]} Ng6 {[%emt 0:01:13]} 18. Bd5 {[%emt 0:06:15]} Nf4 {[%emt 0:04:29]} 19. Qe3 {[%emt 0:05:47]} Ra8 {[%emt 0:00:43]} 20. Qf3 {[%emt 0:07:09]} Rb8 {[%emt 0:05:31]} 21. a5 {[%emt 0:03:55]} Bd7 {[%emt 0:01:16]} 22. Kh2 {[%emt 0:03:14]} h6 {[%emt 0:16:55]} 23. Ne2 1/2-1/2

[Event "DVM U12 2021-22"]
[Site "Naumburg"]
[Date "2022.03.26"]
[Round "3"]
[White "Lu, Yunong Elias"]
[Black "Zhang, Yibo"]
[Result "1-0"]
[WhiteElo "1677"]
[BlackElo "1397"]
[Annotator "NA"]
[PlyCount "55"]
[EventDate "2022.03.25"]
[EventType "team-tourn"]
[EventRounds "7"]
[EventCountry "GER"]
[SourceTitle "playchess.com"]
[Source "ChessBase"]
[SourceQuality "1"]
[TimeControl "40/5400+30:1800+30"]

1. e4 {[%emt 0:00:06]} e5 {[%emt 0:00:03]} 2. Nf3 {[%emt 0:00:11]} Nc6 {[%emt 0:00:05]} 3. d4 {[%emt 0:00:07]} exd4 {[%emt 0:00:06]} 4. Bc4 {[%emt 0:00:06]} Nf6 {[%emt 0:00:30]} 5. O-O {[%emt 0:00:42]} d6 {[%emt 0:05:57]} 6. Nxd4 {[%emt 0:04:25]} Ne5 {[%emt 0:03:37]} 7. Bb3 {[%emt 0:08:11]} Bd7 {[%emt 0:09:50]} 8. c3 {[%emt 0:03:44]} c5 {[%emt 0:04:43]} 9. Nf3 {[%emt 0:08:04]} Bc6 {[%emt 0:14:40]} 10. Nxe5 {[%emt 0:05:07]} dxe5 {[%emt 0:00:11]} 11. f3 {[%emt 0:00:20]} h6 {[%emt 0:06:30]} 12. Be3 {[%emt 0:02:30]} Qc7 {[%emt 0:05:22]} 13. c4 {[%emt 0:10:30]} a6 {[%emt 0:07:29]} 14. a4 {[%emt 0:10:33]} g5 {[%emt 0:00:59]} 15. h3 {[%emt 0:03:36]} Nh5 {[%emt 0:08:09]} 16. Nc3 {[%emt 0:03:00]} Nf4 {[%emt 0:06:57]} 17. Nd5 {[%emt 0:03:13]} Bxd5 {[%emt 0:04:08]} 18. exd5 {[%emt 0:05:23]} O-O-O {[%emt 0:03:11]} 19. Bc2 {[%emt 0:02:24]} a5 {[%emt 0:00:56]} 20. Bf5+ {[%emt 0:01:23]} Kb8 {[%emt 0:00:14]} 21. Ra3 {[%emt 0:01:55]} b6 {[%emt 0:06:05]} 22. Rb3 {[%emt 0:03:37]} Ka7 {[%emt 0:01:19]} 23. Rb5 {[%emt 0:03:51]} Rd6 {[%emt 0:05:58]} 24. b4 {[%emt 0:04:53]} axb4 {[%emt 0:00:29]} 25. a5 {[%emt 0:00:13]} Rf6 {[%emt 0:01:17]} 26. axb6+ {[%emt 0:00:44]} Rxb6 {[%emt 0:00:28]} 27. Qa4+ {[%emt 0:01:23]} Ra6 {[%emt 0:01:37]} 28. Qxa6+ {[%emt 0:00:14]} 1-0

[Event "DVM U12 2021-22"]
[Site "Naumburg"]
[Date "2022.03.26"]
[Round "3"]
[White "Wartenberg, Alexander"]
[Black "Marinin, Georgii"]
[Result "1/2-1/2"]
[WhiteElo "1639"]
[BlackElo "1293"]
[Annotator "NA"]
[PlyCount "90"]
[EventDate "2022.03.25"]
[EventType "team-tourn"]
[EventRounds "7"]
[EventCountry "GER"]
[SourceTitle "playchess.com"]
[Source "ChessBase"]
[SourceQuality "1"]
[TimeControl "40/5400+30:1800+30"]

1. e4 {[%emt 0:00:10]} c6 {[%emt 0:00:03]} 2. d4 {[%emt 0:00:30]} d5 {[%emt 0:00:11]} 3. exd5 {[%emt 0:00:11]} cxd5 {[%emt 0:00:06]} 4. Nf3 {[%emt 0:00:38]} Nc6 {[%emt 0:00:07]} 5. Nc3 {[%emt 0:00:29]} Bg4 {[%emt 0:00:05]} 6. Be2 {[%emt 0:00:33]} Nf6 {[%emt 0:00:06]} 7. O-O {[%emt 0:01:33]} e6 {[%emt 0:00:29]} 8. Bg5 {[%emt 0:00:34]} Be7 {[%emt 0:00:21]} 9. Ne5 {[%emt 0:02:00]} Bxe2 {[%emt 0:02:26]} 10. Nxe2 {[%emt 0:00:31]} Nxe5 {[%emt 0:01:33]} 11. dxe5 {[%emt 0:00:17]} Nd7 {[%emt 0:00:07]} 12. Bxe7 {[%emt 0:03:14]} Qxe7 {[%emt 0:00:06]} 13. f4 {[%emt 0:02:59]} Rc8 {[%emt 0:00:25]} 14. c3 {[%emt 0:02:05]} Nb6 {[%emt 0:01:04]} 15. Nd4 Nc4 {[%emt 0:03:42]} 16. Qe2 {[%emt 0:03:30]} a6 {[%emt 0:08:35]} 17. Rae1 {[%emt 0:01:59]} h5 {[%emt 0:09:31]} 18. f5 {[%emt 0:00:25]} h4 {[%emt 0:01:20]} 19. Qg4 {[%emt 0:01:58]} Nxb2 {[%emt 0:02:50]} 20. Qxg7 {[%emt 0:04:20]} Qf8 {[%emt 0:03:00]} 21. Qxf8+ {[%emt 0:01:56]} Rxf8 {[%emt 0:00:02]} 22. fxe6 {[%emt 0:00:23]} fxe6 {[%emt 0:00:10]} 23. Rxf8+ {[%emt 0:02:06]} Kxf8 {[%emt 0:00:02]} 24. Nxe6+ {[%emt 0:00:17]} Ke7 {[%emt 0:00:04]} 25. Nd4 {[%emt 0:00:10]} Rxc3 {[%emt 0:00:49]} 26. e6 {[%emt 0:01:04]} Nd3 {[%emt 0:03:42]} 27. Nf5+ {[%emt 0:00:35]} Ke8 {[%emt 0:00:47]} 28. Rf1 {[%emt 0:03:10]} Rc1 {[%emt 0:00:33]} 29. Nxh4 {[%emt 0:01:16]} Rxf1+ {[%emt 0:00:11]} 30. Kxf1 {[%emt 0:00:14]} Ke7 {[%emt 0:00:05]} 31. a3 {[%emt 0:01:07]} Kxe6 {[%emt 0:00:06]} 32. Ke2 {[%emt 0:00:29]} Nf4+ {[%emt 0:00:47]} 33. Ke3 {[%emt 0:00:49]} Ke5 {[%emt 0:00:58]} 34. g3 {[%emt 0:01:04]} d4+ {[%emt 0:00:11]} 35. Kd2 {[%emt 0:03:45]} Nh3 {[%emt 0:00:32]} 36. Ng6+ {[%emt 0:09:04]} Kd5 {[%emt 0:02:06]} 37. Nf4+ {[%emt 0:11:00]} Nxf4 {[%emt 0:00:20]} 38. gxf4 {[%emt 0:00:06]} Ke4 {[%emt 0:00:05]} 39. h4 {[%emt 0:00:37]} Kxf4 {[%emt 0:00:05]} 40. Kd3 {[%emt 0:00:10]} b5 {[%emt 0:00:27]} 41. Kxd4 {[%emt 0:30:27]} a5 {[%emt 0:30:16]} 42. h5 {[%emt 0:02:17]} Kg5 {[%emt 0:00:07]} 43. Kc5 {[%emt 0:00:14]} b4 {[%emt 0:00:09]} 44. axb4 {[%emt 0:00:15]} axb4 {[%emt 0:00:02]} 45. Kxb4 Kxh5 1/2-1/2

[Event "DVM U12 2021-22"]
[Site "Naumburg"]
[Date "2022.03.26"]
[Round "3"]
[White "Xue, Luka"]
[Black "Zobel, Christian"]
[Result "1/2-1/2"]
[WhiteElo "1610"]
[BlackElo "1547"]
[Annotator "NA"]
[PlyCount "86"]
[EventDate "2022.03.25"]
[EventType "team-tourn"]
[EventRounds "7"]
[EventCountry "GER"]
[SourceTitle "playchess.com"]
[Source "ChessBase"]
[SourceQuality "1"]
[TimeControl "40/5400+30:1800+30"]

1. e4 {[%emt 0:00:03]} e5 {[%emt 0:00:15]} 2. Nf3 {[%emt 0:00:07]} Nf6 {[%emt 0:00:18]} 3. Nxe5 {[%emt 0:00:15]} d6 {[%emt 0:00:07]} 4. Nf3 {[%emt 0:00:05]} Nxe4 {[%emt 0:00:05]} 5. d3 {[%emt 0:00:09]} Nf6 {[%emt 0:00:48]} 6. d4 {[%emt 0:00:23]} Bg4 {[%emt 0:02:14]} 7. c4 {[%emt 0:01:16]} Be7 {[%emt 0:02:44]} 8. Nc3 {[%emt 0:01:08]} O-O {[%emt 0:03:24]} 9. h3 {[%emt 0:05:45]} Bh5 {[%emt 0:03:37]} 10. Be2 {[%emt 0:00:33]} d5 {[%emt 0:03:11]} 11. Be3 {[%emt 0:10:17]} dxc4 {[%emt 0:05:15]} 12. Bxc4 {[%emt 0:00:27]} Nc6 {[%emt 0:00:51]} 13. O-O {[%emt 0:01:34]} Qd7 {[%emt 0:05:40]} 14. d5 {[%emt 0:18:13]} Bxf3 {[%emt 0:02:54]} 15. Qxf3 {[%emt 0:05:51]} Ne5 {[%emt 0:00:09]} 16. Qe2 {[%emt 0:00:40]} Nxc4 {[%emt 0:04:20]} 17. Qxc4 {[%emt 0:00:26]} Bd6 {[%emt 0:02:33]} 18. Rad1 {[%emt 0:07:28]} a6 {[%emt 0:07:32]} 19. Qh4 {[%emt 0:04:08]} Be5 {[%emt 0:02:36]} 20. Rfe1 {[%emt 0:04:36]} Rfe8 {[%emt 0:04:46]} 21. f4 {[%emt 0:04:51]} Bxc3 {[%emt 0:03:49]} 22. bxc3 {[%emt 0:00:38]} Re4 {[%emt 0:05:10]} 23. Bd4 {[%emt 0:02:18]} Rxe1+ {[%emt 0:01:43]} 24. Qxe1 {[%emt 0:07:30]} Re8 {[%emt 0:06:31]} 25. Qg3 {[%emt 0:01:17]} Qxd5 {[%emt 0:00:47]} 26. Qxg7+ {[%emt 0:06:20]} Kxg7 {[%emt 0:00:08]} 27. Bxf6+ {[%emt 0:00:06]} Kxf6 {[%emt 0:00:04]} 28. Rxd5 {[%emt 0:00:07]} Ke6 {[%emt 0:01:36]} 29. Re5+ {[%emt 0:00:20]} Kd7 {[%emt 0:00:08]} 30. Rxe8 {[%emt 0:00:08]} Kxe8 {[%emt 0:00:04]} 31. Kf2 {[%emt 0:00:16]} Ke7 {[%emt 0:00:37]} 32. Ke3 {[%emt 0:00:28]} f5 {[%emt 0:01:33]} 33. g4 {[%emt 0:01:26]} Ke6 {[%emt 0:01:21]} 34. Kd4 {[%emt 0:01:05]} b6 {[%emt 0:01:10]} 35. a4 {[%emt 0:01:28]} c5+ {[%emt 0:05:20]} 36. Kc4 {[%emt 0:00:20]} fxg4 {[%emt 0:00:26]} 37. hxg4 {[%emt 0:00:06]} Kd6 {[%emt 0:00:20]} 38. g5 {[%emt 0:01:57]} Kc6 {[%emt 0:00:38]} 39. f5 {[%emt 0:01:32]} b5+ {[%emt 0:00:08]} 40. Kb3 {[%emt 0:04:18]} Kd6 {[%emt 0:00:48]} 41. axb5 {[%emt 0:35:02]} axb5 {[%emt 0:30:19]} 42. Kc2 {[%emt 0:00:41]} Ke5 {[%emt 0:00:05]} 43. f6 {[%emt 0:00:54]} Ke6 {[%emt 0:00:06]} 1/2-1/2

[Event "DVM U12 2021-22"]
[Site "Naumburg"]
[Date "2022.03.26"]
[Round "3"]
[White "Koberstein, Simon"]
[Black "Haubold, Sebastian Marcel"]
[Result "0-1"]
[WhiteElo "1462"]
[BlackElo "1869"]
[Annotator "NA"]
[PlyCount "52"]
[EventDate "2022.03.25"]
[EventType "team-tourn"]
[EventRounds "7"]
[EventCountry "GER"]
[SourceTitle "playchess.com"]
[Source "ChessBase"]
[SourceQuality "1"]
[TimeControl "40/5400+30:1800+30"]

1. e4 {[%emt 0:00:01]} e5 {[%emt 0:00:09]} 2. Nf3 {[%emt 0:00:05]} Nc6 {[%emt 0:00:04]} 3. Bc4 {[%emt 0:00:06]} Bc5 {[%emt 0:00:05]} 4. c3 {[%emt 0:00:05]} Nf6 {[%emt 0:00:04]} 5. d3 {[%emt 0:00:08]} d6 {[%emt 0:00:05]} 6. h3 {[%emt 0:00:20]} a6 {[%emt 0:00:06]} 7. b4 {[%emt 0:00:09]} Ba7 {[%emt 0:00:04]} 8. a4 {[%emt 0:00:18]} h6 {[%emt 0:00:30]} 9. O-O {[%emt 0:00:11]} Rg8 {[%emt 0:02:42]} 10. Nbd2 {[%emt 0:00:47]} g5 {[%emt 0:00:14]} 11. Nh2 {[%emt 0:02:10]} g4 {[%emt 0:02:56]} 12. hxg4 {[%emt 0:00:34]} Nxg4 {[%emt 0:02:03]} 13. Ndf3 {[%emt 0:02:04]} Qf6 {[%emt 0:03:17]} 14. Qe2 {[%emt 0:03:44]} Qg7 {[%emt 0:03:26]} 15. Nh4 {[%emt 0:02:03]} Ne7 {[%emt 0:17:53]} 16. Be3 {[%emt 0:02:41]} Ng6 {[%emt 0:03:12]} 17. Nxg6 {[%emt 0:03:07]} Qxg6 {[%emt 0:00:50]} 18. g3 {[%emt 0:00:48]} Qh5 {[%emt 0:11:37]} 19. Nxg4 {[%emt 0:01:26]} Bxg4 {[%emt 0:00:02]} 20. f3 {[%emt 0:00:19]} Bh3 {[%emt 0:00:02]} 21. Bxa7 {[%emt 0:01:27]} Rxg3+ {[%emt 0:00:47]} 22. Kf2 {[%emt 0:00:37]} Rg2+ {[%emt 0:00:01]} 23. Ke1 {[%emt 0:00:21]} Rxe2+ {[%emt 0:00:03]} 24. Kxe2 {[%emt 0:00:04]} Bxf1+ {[%emt 0:00:03]} 25. Kxf1 {[%emt 0:00:08]} Rxa7 {[%emt 0:00:06]} 26. Ke2 {[%emt 0:00:08]} Ke7 {[%emt 0:00:13]} 0-1